Library Logo

ہندو پاک میں اردو ناول : (Record no. 246706)

000 -LEADER
fixed length control field 00582nam a22001817a 4500
003 - CONTROL NUMBER IDENTIFIER
control field BD-DhUL
005 - DATE AND TIME OF LATEST TRANSACTION
control field 20190321145925.0
008 - FIXED-LENGTH DATA ELEMENTS--GENERAL INFORMATION
fixed length control field 190321s1992 ii ||||| |||| 00| 0 urd d
040 ## - CATALOGING SOURCE
Original cataloging agency BD-DhUL
Transcribing agency BD-DhUL
082 ## - DEWEY DECIMAL CLASSIFICATION NUMBER
Classification number 891.4309
Item number PAH
100 1# - MAIN ENTRY--PERSONAL NAME
Personal name پاشا، انور
Relator term
245 10 - TITLE STATEMENT
Title ہندو پاک میں اردو ناول :
Statement of responsibility, etc. انور پاشا
Remainder of title تقابلی مطالعه /
260 ## - PUBLICATION, DISTRIBUTION, ETC. (IMPRINT)
Place of publication, distribution, etc. نیٔ دھلی :
Name of publisher, distributor, etc. ایجو کیشنل بک ھاؤس،
Date of publication, distribution, etc. ۱۹۹۲۔
300 ## - PHYSICAL DESCRIPTION
Extent ص۔ ۳۹۰ ؛
Dimensions ۲۱ سم۔
365 ## - TRADE PRICE
Price type code Irs
Price amount 150.00
650 #4 - SUBJECT ADDED ENTRY--TOPICAL TERM
Topical term or geographic name as entry element Urdu literature
942 ## - ADDED ENTRY ELEMENTS (KOHA)
Source of classification or shelving scheme
Koha item type Books
Holdings
Price effective from Date last seen Permanent Location Not for loan Date acquired Source of classification or shelving scheme Koha item type Lost status Withdrawn status Copy number Source of acquisition Collection code Damaged status Shelving location Barcode Current Location Full call number
2019-03-212019-03-21Dhaka University Library 1996-04-04 Books  1purchasedNon Fiction General Stacks360623Dhaka University Library891.4309 PAH
2019-03-212019-03-21Dhaka University Library 1996-04-04 Books  2purchasedNon Fiction General Stacks360624Dhaka University Library891.4309 PAH
Last Updated on September 15, 2019
© Dhaka University Library. All Rights Reserved|Staff Login